| 000 | 00553nam a2200193Ia 4500 | ||
|---|---|---|---|
| 003 | OSt | ||
| 005 | 20250307154641.0 | ||
| 008 | 210210b1970 xxu||||| |||| 00| 0 eng d | ||
| 040 | _cAL | ||
| 041 | _aKannada | ||
| 082 | _aK894.3 SARS | ||
| 100 |
_aSAROJARAV (K). _dಸರೋಜಾರಾವ್ (ಕೆ). _9204941 |
||
| 245 |
_aSvargada bagilu. _bಸ್ವರ್ಗದ ಬಾಗಿಲು |
||
| 260 |
_aBengaluru _bShri Ranganatha Buk Stal Prakashana _c1970 |
||
| 300 | _a144 | ||
| 690 |
_aKannada Fiction _9204942 |
||
| 906 | _a028449 | ||
| 942 |
_2ddc _cBK |
||
| 999 |
_c79695 _d79695 |
||